000 00840nam a2200193Ii 4500
003 JO-AjNU
008 230605s9999||||xx |||||||||||||| ||und||
040 _aJO-AjNU
_bara
_erda
_cJO-AjNU
041 _aara
050 1 4 _aLB41 1993
100 3 _aكرونلوند،نورمان ي/حسن،عادل محمود مترجم/الجميلي،أكرم مترجم ,
_eauthor
_98756
245 0 0 _aصياغة الأهداف لأغراض التدريس الصفي=Stating Objectives For Classroom Instrnction
264 3 1 _aبغداد:وزارة التعليم العالي والبحث العلمي/مؤسسة المعاهد الفنية،1993
300 _a107ص
336 _atext
_btxt
_2rdacontent
337 _aunmediated
_bn
_2rdamedia
338 _avolume
_bnc
_2rdacarrier
650 4 _aتدريس. الفصول الدراسية-إدارة
_98757
999 _aA951
_c4519
_d4519